Transgenders : (Record no. 145891)

MARC details
000 -LEADER
fixed length control field 00822nam a22002057a 4500
005 - DATE AND TIME OF LATEST TRANSACTION
control field 20180618151126.0
010 ## - LCCN (DPL NO)
LC control number 1718EN-30 B-686572-575
020 ## - INTERNATIONAL STANDARD BOOK NUMBER
International Standard Book Number 9789382968580
Terms of availability 995.00
035 ## - SYSTEM CONTROL NUMBER
System control number B-686572-575
037 ## - SOURCE OF ACQUISITION
Source of stock number/acquisition Pansy Books
Stock number dpl
082 ## - DEWEY DECIMAL CLASSIFICATION NUMBER
Classification number 306.768
100 ## - MAIN ENTRY--PERSONAL NAME
Personal name Devath Suresh
245 ## - TITLE STATEMENT
Title Transgenders :
Statement of responsibility, etc by Devath Suresh
Remainder of title problems and administrative response /
260 ## - PUBLICATION, DISTRIBUTION, ETC. (IMPRINT)
Place of publication, distribution, etc New Delhi
Name of publisher, distributor, etc Avni Pub.
Date of publication, distribution, etc 2017
270 ## - ADDRESS
Address RZ-45D, Street No.2, Main Sagarpur,
City New Delhi
Postal code 110046
300 v# - PHYSICAL DESCRIPTION
Extent xiv,303p.
Dimensions 25cm(Hb)
500 ## - GENERAL NOTE
General note Includes bibliographical references and index
942 ## - ADDED ENTRY ELEMENTS (KOHA)
Source of classification or shelving scheme Dewey Decimal Classification
Item type English Books
Call number suffix DEV
Classification part 306.768
Holdings
Withdrawn status Lost status Not for loan Collection code Home library Current library Date acquired Source of acquisition Cost, normal purchase price Full call number Barcode Copy number Cost, replacement price Koha item type
      Non-fiction Ashok Vihar Ashok Vihar 18/06/2018 Pansy books-1700/5.12.17/669/20.11.17/6.1.18 995.00 306.768 DEV B-686573 1 995.00 English Books
      Non-fiction Central Library Central Library 18/06/2018 Pansy books-1700/5.12.17/669/20.11.17/6.1.18 995.00 306.768 DEV B-686572 1 995.00 English Books
      Non-fiction Janak Puri Janak Puri 18/06/2018 Pansy books-1700/5.12.17/669/20.11.17/6.1.18 995.00 306.768 DEV B-686574 1 995.00 English Books
      Non-fiction Sarojini Nagar Sarojini Nagar 18/06/2018 Pansy books-1700/5.12.17/669/20.11.17/6.1.18 995.00 306.768 DEV B-686575 1 995.00 English Books

© Delhi Public Library
Hit Counter
free hit counter